000 00641cam a22002411 4500
001 sa 64008803
003 DLC
005 20260227112056.0
008 900123s1964 ii b 000 0 maro
010 _asa 64008803
035 _a(OCoLC)20947099
040 _aDLC
_cWaU
_dDLC
042 _apremarc
043 _aa-ii---
050 0 0 _aPK2412
_b.J65
100 1 _aJoshi, Narayan Gajanan,
_d1911-
245 1 0 _aMarāṭhī chandoracanecā vikāsa.
260 _c[1964]
300 _a20, 519 p.
_c23 cm.
500 _aIn Marathi.
504 _aBibliography: p. [512]-519.
650 0 _aMarathi prose literature
_xHistory and criticism.
999 _c61051
_d61051